00736nam a22002177a 45000050016000000100014000160200026000300350013000560370013000690820013000821000024000952450055001192600034001742700046002083000033002545000019002876500030003069420027003369990017003639520138003802010080304134.0 aENG-97985 a9788120337572c175.00 aEN-81518 bDBAD/PUB a530.2462 aRajagopal, K.96608 aTextbook of engineering physics /cby K. Rajagopal aNew DelhibPHI Learningc2009 aM-97, Connaught CircusbNew Delhie110001 aPt-II(vii,201p.)c23cm (pbk) aIncludes index aEngineering physics96609 2ddccENh530.2462mRAJ c39058d39058 001040718NFICaDBADbDBADd2010-08-03eDBAD/PUBg175.00l0o530.2462 RAJpEN-81518r2010-08-03 00:00:00t1v175.00w2010-08-03yEN